| 000 | 00617cam a2200229ua 4500 | ||
|---|---|---|---|
| 001 | 758 | ||
| 005 | 20260515113224.0 | ||
| 008 | 110419n ii |||gr||||Z||||||eng | ||
| 020 | _a81-7339-353-2 | ||
| 040 | _cMAIN | ||
| 082 | _a301 | ||
| 245 | 1 |
_aSamajtattvar agrani chintabidsakalar siddhanta. _cBy Gyasuddin Ahmed. |
|
| 250 | _a1st. | ||
| 260 |
_aDibrugarh.: _bBanalata., _c2009. |
||
| 300 | _a175 p.:5 cm. | ||
| 653 | _aPolitical science. | ||
| 653 | _aSociology. | ||
| 653 | _aSamajtattvar agrani chintabidsakalar siddhanta. | ||
| 700 | 1 | _aAhmed, Gyasuddin., | |
| 700 | 1 | _aBorgohain, Himanta., | |
| 942 | _cBK | ||
| 999 |
_c684 _d684 |
||